00556nam a2200181 a 45000010010000000030011000100080041000210350026000620820018000881000026001062450042001322600049001746500013002239420012002369520091002489980020003399990015003590000-8882ELIB.Books110520 1988  a(ELIB.Books)0000-9030 a266.009 bHes aHesselgrave, David J. aToday' Choices for Tomorrow's Mission bMichigan: Zondervan Publishing House c1988 aMissions 2ddccBK 00102ddc4070aKBTSbKBTSd2011-05-20l0p25007r2022-01-22 00:00:00w2022-01-22yBK cbate2011-05-20 c8882d8882